00570cam a2200181 4500001001100000008003700011035001500048050002000063245012600083260003000209300002100239440002300260500001500283650002600298700003200324942001300356999001900369BFIL006616 1964 spa  aBFIL006616 4aPJ487bV65 1964 0aVoces de Oriente : antología de textos literarios del Cercano Oriente /ctr., introd. y notas de Ángel Ma. Garibay K. aMéxico :bPorrua,c1964 a198 p. ;c21 cm. 0aSepan Cuantos ; 27 a1 ejemplar 4aLiteratura Occidental1 aGaribay K., Angel Ma.,etr. 2lcccLlB c128642d128642